Hollow Knight - PNJ, Boss, Mobs - Statistiques

Statistiques générales
  • Ce quiz a été pris 349 fois
    286 depuis la dernière actualisation
  • Le résultat moyen est 35 sur 284
Statistiques - réponses
Par images Réponse % Correct
Hornet Protectrice / Hornet Sentinelle
97%
Zote le Redoutable
84%
Cornifer le Cartographe
77%
Grand Maître d'Aiguillons Sly
73%
Hollow Knight
71%
Le Chevalier
71%
Quirrel
70%
Grimm Maître de la troupe
68%
Le Chasseur
64%
Larve
63%
Radiance
57%
Le Roi Pâle
56%
Le Dernier Coléoptère / Vieux Coléoptère
50%
Maître d’Aiguillons Mato
48%
Maître d’Aiguillons Oro
48%
Faux Chevalier
46%
L'Ancien
45%
Le Collectionneur
45%
Maître d’Aiguillons Sheo
45%
Vaisseau Pur
45%
Dame Blanche
43%
Monomon l'Érudite
42%
Herrah la Bête
38%
Iselda
38%
Isma
37%
Nosk
37%
Bretta
36%
Roi des Cauchemars Grimm
36%
Vaisseau Corrompu
36%
Lurien le Veilleur
35%
Tiso
35%
Dames Mante
34%
Défenseur Bousier / Ogrim
34%
Ombre
34%
Radiance Véritable
34%
Cloth
32%
Maître d'Âme
32%
Monsieur Champignon / Hérald
31%
Père-Larve
31%
Salubra
30%
Unn
30%
Prêtresse Jiji
29%
Uumuu
28%
Veilleur
28%
Voyante
27%
Proche Disparu
26%
Protecteur Blanc / Ogrim
26%
Sans-Yeux
26%
Seigneur Traître
26%
Mère Gruz
25%
Myla
25%
Markoth
24%
Millibelle
24%
Nosk Ailé
24%
Tisserands
24%
Tyran de l’Âme
24%
Mouche Vengeresse
23%
Shaman Escargot
23%
Shaman Escargot
23%
Shaman Escargot
23%
Shaman Escargot
23%
Shaman Escargot
23%
Xero
23%
L’Héritier de Grimm
22%
Sœurs d’Armes
21%
Chercheur de Dieux
20%
Chercheur de Dieux
20%
Chercheur de Dieux
20%
Gorb
20%
Baldur
19%
Chevalier de la Ruche
19%
Famille
19%
Famille
19%
Famille
19%
Famille
19%
Galien
19%
Sage-Femme
19%
Marmu
17%
Chercheuse de Dieux
16%
Hu L’Ancien
16%
Divine
15%
Endeuillée Grise / Ze'mer
15%
Mangepatte
15%
Mawlek Maussade
15%
Mouche Vengeresse Royale
15%
Chercheur de Reliques Lemm
14%
Dompteur de Dieux
14%
Faiseur de Masques
14%
Gardien de Cristal
14%
Brumm
13%
Flukemarm
13%
Guerrier de l’Âme
13%
Zote le Prince Gris
13%
Le Cœur des Cauchemars
12%
Tuk
12%
Emboutisseur Moussu
11%
Emboutisseur Moussu sans Mousse
11%
Hegemol
10%
Mante Traître
10%
Moustique
10%
Nigaud
10%
Gruzzer
9%
Joni l'Enfant Bleu
9%
Mère Aspid
9%
Bardoon
8%
Carcasse Sauteuse
8%
Champion Raté
8%
Fixeur
8%
Fluke Ermite
8%
Jinn Âme d’Acier
8%
Moussues
8%
Oblobbles
8%
Crawlid
7%
Obble
7%
Tiktik
7%
Ancien Baldur
6%
Aspid Sauvage
6%
Chevalier Moussu
6%
Emboutisseur Moussu Massif
6%
Erreur
6%
Erreur
6%
Gardien Furieux
6%
Maggot
6%
Vaisseaux
6%
Willoh
6%
Dryya
5%
Fabricant d’Aiguillons
5%
Gardien de la Ruche
5%
Reine Des Abeilles Vespa
5%
Tentacules du Vide
5%
Carcasse Cornue
4%
Carcasse Vagabonde
4%
Entité du Vide
4%
Grimm Cauchemardesque
4%
Jeune Mante
4%
Marissa
4%
Nymm
4%
Prophète de Mousse
4%
Seigneur Fou
4%
Serviteur Royal
4%
Serviteur Royal
4%
Tisseuse
4%
Villageois Lointains
4%
Villageois Lointains
4%
Aspid Chasseresse
3%
Carcasse Guerrière
3%
Corps-Royal
3%
Emilitia
3%
Fou Ailé
3%
Fouisseur
3%
Goam
3%
Grimm Despote
3%
Grimm Novice
3%
Larve Caméléon
3%
Nouveau-né Aspid
3%
Papillon de Nuit
3%
Revek
3%
Rôdeuse Pâle
3%
Zoteling Ailé
3%
Bulle Infectée
2%
Carcasse de la Défense
2%
Carcasse Malmeneuse
2%
Carcasse Mineuse
2%
Carcasse Peureuse
2%
Corps Ailé
2%
Créature des Abysses
2%
Folly
2%
Fou Massif
2%
Graine-de-Vie
2%
Grand Sautilleur
2%
Grimmsteed / Destrier de Grimm
2%
Grimmsteed / Destrier de Grimm
2%
L'Enfant des Traitres
2%
Mangesot
2%
Mante Petra
2%
Mawlek Inférieur
2%
Mawlurk
2%
Mini Araignée
2%
Mouche Masquée
2%
Mouche Moussue
2%
Nécrosite
2%
Nécrosite
2%
Ooma
2%
Rampant Moussu
2%
Sautilleur
2%
Tête de Zote
2%
Adorateur Fouineur
1%
Belfly
1%
Boon
1%
Carcasse Cristallisée
1%
Carcasse Enterrée
1%
Carcasse Gloutonne
1%
Carcasse Magnifique
1%
Chardon-de-Vent
1%
Duranda
1%
Durandoo
1%
Flukemon
1%
Flukemon Deuxième Moitié
1%
Flukemon Première Moitié
1%
Flukemunga
1%
Fossoyeur
1%
Fou Cuirassé
1%
Garpede
1%
Guerrière Mante
1%
Gulka
1%
Hex
1%
Insectes des Sources Chaudes
1%
Loodle
1%
Loodle de la Mort
1%
Lumafly Chargée
1%
Mite de cristal
1%
Moussues Instables
1%
Moustique Cuirassé
1%
Ogre Fongique
1%
Rampant des ombres
1%
Ruchelins
1%
Soldat de la Ruche
1%
Tourmenteur de l’Âme
1%
Wayner
1%
Zoteling Instable
1%
Aluba
0%
Ambloom
0%
Araignée Cracheuse
0%
Atra
0%
Baldur Endurci
0%
Blob Parasite
0%
Bluggsac
0%
Boss
0%
Bullboon
0%
Bulling
0%
Caelif & Fera
0%
Carcasse Baveuse
0%
Carcasse d’Abeilles
0%
Carcasse Épineuse
0%
Carcasse Fungifiée
0%
Carcasse Fungifiée
0%
Carcasse Prétentieuse
0%
Carcasse Violente
0%
Caspian
0%
Champiling
0%
Chasseur de cristaux
0%
Combattant Obble
0%
Dieux du Tonnerre et Dieux de la Pluie
0%
Dr Chagax
0%
Ellina la Chroniqueuse
0%
Flukefey
0%
Fouisseur Incubateur
0%
Fou Robuste
0%
Garro
0%
Ghorac
0%
Glimback
0%
Gruzzer Instable
0%
Guerrier Cent-Lames
0%
Guerrier Champignon
0%
Hwurmp
0%
Karina
0%
Kcin
0%
Magnus Strong
0%
Manipulateur Voltaïque
0%
Massue du Faux Chevalier / Mace Bug
0%
Millybug
0%
Molten
0%
Mouche Boursouflée
0%
Mouche Vengeresse Enragée
0%
Perpetos Noo
0%
Pilflip
0%
Poggy Thorax
0%
Rampant de cristal
0%
Sentinelle Ailée
0%
Sentinelle à l’Aiguillon Long
0%
Sentinelle Armée
0%
Sentinelle Vide
0%
Sentinelle Vide Armée
0%
Sporg
0%
Uoma
0%
Vagabond Moussu
0%
Waldie
0%
Wyatt
0%
Zoteling Dégingandé
0%
Zoteling Fluke
0%
Zoteling Massif
0%
Zoteling Maudit
0%
Zoteling Sautant
0%
Zoteling Suspendu
0%
Aucun quiz correspondant
Distribution des résultats
% des personnes avec chaque résultat
Percentile par nombre de réponses
Votre historique - résultats
Vous n’avez pas pris ce quiz depuis la dernière actualisation